000 00982nam a2200205Ii 4500
003 JO-AjNU
008 230605s9999||||xx |||||||||||||| ||und||
040 _aJO-AjNU
_bara
_erda
_cJO-AjNU
041 _aara
050 1 4 _aBP172.M35 1993
100 3 _aملكاوي، محمد أحمد محمد,
_eauthor
_921092
245 0 0 _aبشرية المسيح ونبوة محمد صلى الله عليهما وسلم في نصوص كتب العهدين رد على شبه المنصرين والمستشرقين: وهو القسم الثاني لكتاب المناظرة الكبرى بين العلامة الشيخ رحمت الله والقسيس الدكتور فندر
250 _aط1
264 3 1 _aد.م: المؤلف، 1993
300 _a498ص
336 _atext
_btxt
_2rdacontent
337 _aunmediated
_bn
_2rdamedia
338 _avolume
_bnc
_2rdacarrier
650 4 _aالديانات المقارنة- الاسلام والمسيحية- السيرة النبوية
_921093
999 _aA7270
_c10838
_d10838